000 00923nac a22002657a 4500
001 BR9401825
003 BR-BrBNA
005 20240105121438.0
008 230509b bl.|||m| |||| 00| 0 por d
040 _aBR-BrBNA
_bpor
_cBiblioteca Nacional de Agricultura
072 _aL73
090 _a5250 BR9401825
100 1 _aLeal, T.M.
100 1 _aQuirin, R.
110 1 _aCentro de Pesquisa Agropecuaria do Tropico Semi-Arido, Petrolina, PE (Brasil)
245 1 _aEstudo retrospectivo da mortalidade dos cabritos criados extensivamente na regiao de Massaroca-BA
260 3 _aPetrolina, PE (Brasil):
_c1993.
300 _a3 p.
490 _aComunicado Tecnico - Centro de Pesquisa Agropecuaria do Tropico Semi-Arido (Brazil)
_vno. 54
_xISSN 0100-6061
650 _aCabrito
650 _aMortalidade Animal
650 _aDoenca Animal
909 _a202312
_bLúcia Elande
_c55
_dLúcia Elande
942 _2AGRIS
_n0
_cMS
999 _c285357
_d285357